杭州地铁网含“桥”的站名 Hangzhou metro stations containing "bridge" - Statistics

General Stats
  • This quiz has been taken 29 times
    27 since last reset
  • The average score is 13 of 24
Answer Stats
线路 % Correct
1号线 龙翔桥
84%
5号线 姑娘桥
80%
绍兴1号线 姑娘桥
80%
2号线 沈塘桥
72%
19号线 沈塘桥
72%
4号线 南星桥
64%
5号线 南星桥
64%
5号线 宝善桥
60%
5号线 双桥
60%
2号线 下宁桥
56%
3号线 星桥
56%
5号线 拱宸桥东
56%
5号线 万安桥
56%
8号线 桥头堡
56%
10号线 北大桥
52%
3号线 丁桥
48%
2号线 曹家桥
44%
6号线 高桥
44%
10号线 渡驾桥
44%
杭海城际 斜桥
44%
4号线 平安桥
40%
4号线 笕桥老街
40%
4号线 水澄桥
40%
绍兴1号线 杨汛桥
32%
No matching quizzes found
Score Distribution
Percent of People with Each Score
Percentile by Number Answered
Your Score History
You have not taken this quiz since the last reset